Mode & modi /

Guardat en:
Dades bibliogràfiques
Autor principal: Dorfles, Gillo (Autor)
Altres autors: Franchetti, Bianca
Format: Llibre
Idioma:italià
Publicat: Milano : G. Mazzotta, 1990
Edició:2. ed riv
Col·lecció:Antologie e saggi ; 10
Matèries:
Etiquetes: Afegir etiqueta
Sense etiquetes, Sigues el primer a etiquetar aquest registre!

MARC

LEADER 00000nam a2200000 i 4500
001 IT\ICCU\BVE\0006603
003 ItRI
005 20260115232259.0
008 910610s1990 it |||||| ||||| |||||c
040 |b ita  |c importazione bologna sebina 
041 7 |a ita  |2 ISO-639-2 
082 |a 391  |9 ABBIGLIAMENTO E ASPETTO PERSONALE  |2 19 
100 1 |a Dorfles, Gillo  |0 IT\ICCU\CFIV\021426  |4 aut 
245 1 0 |a Mode & modi /  |c Gillo Dorfles ; la ricerca iconografica è curata da Bianca Franchetti. 
246 1 3 |a Mode e modi. -  |9 IT\ICCU\BVE\0015916 
250 |a 2. ed riv 
260 |a Milano :  |b G. Mazzotta,  |c 1990 
300 |a 199 p. :  |b ill. ;  |c 24 cm. 
650 7 |a Moda 
700 1 |a Franchetti, Bianca  |0 IT\ICCU\BVEV\005578 
790 1 |a Dorfles, Angelo Eugenio  |3 IT\ICCU\SBNV\054155  |z Dorfles, Gillo 
830 0 |a Antologie e saggi ;  |v 10  |0 IT\ICCU\CFI\0171323 
942 |2 ddc  |c BK  |n 0 
952 |0 0  |1 0  |4 0  |6 DOC_391_001000000000000_DOR  |7 0  |9 23492  |a BO  |b BO  |d 2026-01-15  |i 4921  |l 0  |o DOC 391.001 DOR  |p BO4921  |r 2026-01-15 23:22:59  |w 2026-01-15  |x [Sebina 5] [1 v.]  |y BK  |z 1 v. 
999 |c 20016  |d 20016